Suki Waterhouse - Good Looking - Statistics

General Stats
  • This quiz has been taken 115 times
  • The average score is 160 of 205
Answer Stats
Answer % Correct
I
100%
a
98%
boy
90%
good
90%
looking
90%
My
90%
my
90%
I'm
88%
Oh
88%
the
88%
The
88%
to
88%
an
85%
make
85%
try
85%
you
85%
You
85%
all
83%
it
83%
of
83%
skyline
83%
as
80%
falls
80%
secrets
80%
Sense
80%
your
78%
am
76%
Baby
76%
But
76%
me
76%
out
76%
think
76%
turns
76%
are
73%
more
73%
no
73%
not
73%
same
73%
there's
73%
we're
73%
who
73%
anyone
71%
at
71%
Yet
71%
You're
71%
adored
68%
before
68%
in
68%
on
68%
thought
66%
Just
63%
these
63%
days
61%
shock
61%
uncovered
61%
wave
61%
for
59%
high
59%
impress
59%
Tides
59%
breath
56%
casino
56%
dice
56%
eyeballs
56%
Fever
56%
thighs
56%
haze
54%
Roll
54%
core
51%
inside
51%
octane
51%
opium
51%
Play
51%
stop
51%
up
51%
vibrates
51%
sped
46%
thrash
46%
holes
32%
No matching quizzes found
Score Distribution
Percent of People with Each Score
Percentile by Number Answered
Your Score History
You have not taken this quiz